000 01207nam a2200289Ia 4500
001 E2444
003 IT-RoPAU
008 130308s9999 xx 000 0 und d
040 _aIT-RoPAU
040 _cIT-RoPAU
041 _aFRANCESE
100 _aQueau Philippe
100 _gCodice Aut. SPICS: 17382
245 _aVirtuel (Le): un etat du reel
245 _bVirtualite' et Realite' Dans Les Sciences
250 _a1a ed.
260 _aGIF SUR YVETTE (FRANCE)
260 _bFrontieres
260 _c1995 [1° Ed.:1995 - Ed.Ling.Originale:1995]
300 _a"33 p. (prefazione: no ; testo: 33 [pagine: 61-93])"
500 _aVirtuale Uno Stato del Reale. virtuale Fa parte del Reale. virtuale è un Sistema di Rappresentazione. potenza della rappresentazione virtuale e Suoilimiti. Varietà del Virtuale. Tassonomia del Virtuale. Ibridazione e Confusione degli spazi Virtuali. Verità del Virtuale. Schizofrenia. Morte delle Illusioni. immagini per Agire. paesaggi D'Informazione. rappresentazione e Presenza. Incidente prova del Reale. virtuale Surreale.
650 _aSAGGI SULLA MULTIMEDIALITA'
650 _eCodice materia Spics: 4257
942 _cBK
957 _71
999 _c97109
_d97109
999 _g1